000 00271nam a2200109Ia 4500
008 200302s9999 xx 000 0 und d
100 _aGary Stffy
245 _a Architectural lighting design 3rd ed.
260 _bJohn Willey and Sons Inc.
260 _c2008
300 _a360
999 _c6421
_d6421